| 000 | 01363nam a2200265 4500 | ||
|---|---|---|---|
| 001 | 6113 | ||
| 010 | _a9789897870460 | ||
| 021 | _b525819/23 | ||
| 090 | _a6113 | ||
| 100 | _a20260122d2024 c||y0pory50030103ba | ||
| 200 | 1 |
_aCamões _eAs aventuras e desventuras de um poeta épico _fSérgio Franclim _gil. Bruno Ferreira |
|
| 205 | _a2ºed | ||
| 210 | 9 |
_aLisboa _cBooksmile _d2024 |
|
| 215 |
_a[40] p. _cil. _d26 cm |
||
| 330 | _aO João é muito curioso e quer saber tudo sobre o poeta que escreveu Os Lusíadas. Dizem que viveu incriveis aventuras e passou por muitas peripécias durante a escrita do seu grande poema. A amiga Maria acha que ele está a ser chato e manda-o «chatear o Camões», mas os dois acabam por embarcar numa fascinante viagem de descoberta. Quem é Luís de Camões, o que fez e porque é que se tornou tão épico? Neste livro vais descobrir tudo sobre a sua vida e, no fim, poderás ler ainda um resumo da obra Os Lusíadas | ||
| 606 |
_9804 _aPublicação para jovens |
||
| 607 |
_9988 _aHistória de Portugal |
||
| 675 |
_a087.5 _vBN _zpor |
||
| 675 |
_a94(469) _vBN _zpor |
||
| 700 |
_aFranclim _bSérgio _f1978- _95809 |
||
| 701 |
_95810 _aFerreira _bBruno |
||
| 801 | 0 |
_aPT _bBMVN _gRPC |
|
| 830 |
_cAna Caetano _d22/01/2026 |
||
| 856 | 4 | 1 | _uhttp://rnod.bnportugal.gov.pt/ImagesBN/winlibimg.aspx?skey=&doc=2170836&img=195210&save=true |
| 990 | _cLIVROS | ||